00382nam a2200121Ia 4500008004100000100001700041245002500058245001500083260000900098856006100107999001900168952007300187160609s9999 xx 000 0 und d aRaine, Mary. aEditorial guidelines cMary Raine c2010 uhttp://unesdoc.unesco.org/images/0018/001876/187637e.pdf c295688d295688 001040aCLbCLd2016-06-09l0r2016-06-09 00:00:00w2016-06-09yCBE